000 00215 a2200097 4500
001 23155
100 _aAghnides, N P
245 _aMohammedan Theories of Finance
260 _a
_bPremier Bk
_c
090 _c15695
_d15695
942 _aNUST-CAE
_cM
_c6330
999 _c258228
_d258228